<?xml version="1.0" encoding="UTF-8"?>
<record
    xmlns:xsi="http://www.w3.org/2001/XMLSchema-instance"
    xsi:schemaLocation="http://www.loc.gov/MARC21/slim http://www.loc.gov/standards/marcxml/schema/MARC21slim.xsd"
    xmlns="http://www.loc.gov/MARC21/slim">

  <leader>01472nam a22002417a 4500</leader>
  <datafield tag="999" ind1=" " ind2=" ">
    <subfield code="c">2326</subfield>
    <subfield code="d">2326</subfield>
  </datafield>
  <controlfield tag="003">AR-CdUCM</controlfield>
  <controlfield tag="008">190304b           ||||| |||| 00| 0 spa d</controlfield>
  <datafield tag="040" ind1=" " ind2=" ">
    <subfield code="a">MUNICIPALIDAD PROVINCIAL DEL CUSCO</subfield>
    <subfield code="c">BIBLIOTECA MUNICIPAL DEL CUSCO</subfield>
  </datafield>
  <datafield tag="082" ind1=" " ind2=" ">
    <subfield code="a">985.053 /</subfield>
    <subfield code="b">C34R</subfield>
  </datafield>
  <datafield tag="100" ind1=" " ind2=" ">
    <subfield code="a">Regal, Alberto</subfield>
  </datafield>
  <datafield tag="245" ind1=" " ind2=" ">
    <subfield code="a">Castilla educador /</subfield>
  </datafield>
  <datafield tag="260" ind1=" " ind2=" ">
    <subfield code="a">Lima : </subfield>
    <subfield code="b">Instituto Libertador Ram&#xF3;n Castilla,</subfield>
    <subfield code="c">1969.</subfield>
  </datafield>
  <datafield tag="300" ind1=" " ind2=" ">
    <subfield code="a">xiv,212 p&#xE1;ginas ;</subfield>
    <subfield code="c">25 cm,</subfield>
  </datafield>
  <datafield tag="505" ind1=" " ind2=" ">
    <subfield code="a">Contenido: La ense&#xF1;anza p&#xFA;blica con anterioridad al primer gobierno de Castilla (1821-1844) -- A&#xF1;os iniciales del primer gobierno de Castilla (1845-47) -- Antecedentes del primer reglamento de instrucci&#xF3;n p&#xFA;blica, de junio de 1850, emitido por Castilla (1845-50) -- Escuelas y colegios nacionales en el primer gobierno de Castilla (1845-50) -- Los seminarios durante el primer gobierno de Castilla (1845-50) -- Las universidades en el primer gobierno de Castilla (1845-50) -- Texto del reglamento general de instrucci&#xF3;n p&#xFA;blica de 1850, del primer gobierno de Castilla -- Vigencia del primer reglamento de instrucci&#xF3;n de Castilla ... </subfield>
  </datafield>
  <datafield tag="650" ind1=" " ind2=" ">
    <subfield code="a">Ram&#xF3;n Castilla</subfield>
    <subfield code="9">8385</subfield>
  </datafield>
  <datafield tag="650" ind1=" " ind2=" ">
    <subfield code="a">Historia de la educaci&#xF3;n</subfield>
    <subfield code="9">8386</subfield>
  </datafield>
  <datafield tag="650" ind1=" " ind2=" ">
    <subfield code="a">Siglo XX</subfield>
    <subfield code="9">8</subfield>
  </datafield>
  <datafield tag="700" ind1=" " ind2=" ">
    <subfield code="a">Mac-Lean y Esten&#xF3;s, Roberto (Pr&#xF3;logo)</subfield>
    <subfield code="9">8387</subfield>
  </datafield>
  <datafield tag="710" ind1=" " ind2=" ">
    <subfield code="a">Instituto Libertador Ram&#xF3;n Castilla (Lima)</subfield>
    <subfield code="9">8388</subfield>
  </datafield>
  <datafield tag="942" ind1=" " ind2=" ">
    <subfield code="2">ddc</subfield>
    <subfield code="c">LIBROS</subfield>
  </datafield>
  <datafield tag="945" ind1=" " ind2=" ">
    <subfield code="a">raen</subfield>
  </datafield>
  <datafield tag="952" ind1=" " ind2=" ">
    <subfield code="0">0</subfield>
    <subfield code="2">ddc</subfield>
    <subfield code="4">0</subfield>
    <subfield code="7">0</subfield>
    <subfield code="a">SH</subfield>
    <subfield code="b">SH</subfield>
    <subfield code="c">CART</subfield>
    <subfield code="d">2019-03-04</subfield>
    <subfield code="g">25.00</subfield>
    <subfield code="o">985.053 / C34R</subfield>
    <subfield code="p">SH0000002395</subfield>
    <subfield code="r">2019-03-04</subfield>
    <subfield code="y">LIBROS</subfield>
  </datafield>
</record>
